000 01785nam a2200241Ia 4500
008 260220t9999||||xx |||||||||||||| ||spa||
040 _aPY-SlUNAC
_bspa
_erda
041 _aspa
082 _a972.91
_bSte863c
100 _aSteffan, Heinz Dieterich
_eAutor
245 0 _aCuba ante la razón cívica /
_cpor Heinz Dieterich Steffan [Autor]
264 _a[Lugar de publicación no identificado] :
_bTxalaparta,
_c[Fecha de publicación no identificada].
300 _a1 volumen
520 _aEn "Cuba ante la razón cívica", Heinz Dieterich Steffan explora la relación entre la ética cívica y la realidad política en Cuba, analizando cómo las prácticas democráticas y los derechos ciudadanos se han visto afectados por el contexto histórico y social del país. A través de un enfoque crítico, el autor evalúa la transición de la Revolución Cubana y su impacto en la construcción de una sociedad más justa y equitativa. Dieterich argumenta que, a pesar de los avances en ciertos aspectos sociales, persisten desafíos significativos que limitan la participación activa de los ciudadanos en la vida política. El libro plantea la necesidad de una renovación del compromiso cívico y una revalorización de la democracia participativa, sugiriendo que solo a través de un enfoque inclusivo y plural se podrá avanzar hacia un futuro más prometedor para la nación. Asimismo, invita a la reflexión sobre el papel de los ciudadanos en la construcción de un estado que responda a sus necesidades y aspiraciones.
651 _aCuba
653 _aCiencia política
653 _aDerechos humanos
942 _b2026/02/17
_cBK
999 _c9542
_d9542